[Event "FIDE World Blitz 2013"]
[Site "Khanty-Mansiysk RUS"]
[Date "2013.06.10"]
[Round "20.9"]
[White "Dreev,A"]
[Black "Najer,E"]
[Result "1/2-1/2"]
[WhiteElo "2668"]
[BlackElo "2633"]

1.d4 d5 2.c4 c6 3.Nf3 Nf6 4.e3 Bg4 5.h3 Bh5 6.Nc3 e6 7.g4 Bg6 8.Ne5 Nbd7
9.Nxg6 hxg6 10.Bd2 Bb4 11.Qb3 a5 12.Bg2 Nb6 13.cxd5 Nfxd5 14.a3 a4 15.Qa2 Ba5
16.Rd1 O-O 17.O-O Qe7 18.Rfe1 Rfd8 19.Ne2 Nc8 20.Bxa5 Rxa5 21.Qc4 Nd6 22.Qc2 Rda8
23.e4 Nc7 24.Nf4 Ndb5 25.Qc4 Rd8 26.d5 e5 27.Nxg6 Qf6 28.dxc6 Rxd1 29.Rxd1 bxc6
30.Nxe5 Qxe5 31.Rd8+ Ne8 32.Qb4 Ra7 33.f4 Qe7 34.Qxe7 Rxe7 35.e5 Na7 36.Be4 Kf8
37.Rb8 f6 38.Bg6 fxe5 39.f5 c5 40.g5 Nc6 41.Rc8 Na7 42.Ra8 Nb5 43.h4 e4 44.h5 e3
45.f6 gxf6 46.gxf6 Re5 47.Rxe8+ Rxe8 48.Bxe8 Kxe8 49.h6 Nd6 50.Kf1 Nf7 51.h7 Kd7
52.Ke2 Ke6 53.Kxe3 Kxf6 54.Kd3 Kg7 55.Kc4 Ne5+ 56.Kb5 Nd3 57.Kxa4 c4 58.Kb5 Nxb2
59.Kb4 Kxh7 60.Kc3 Na4+ 61.Kxc4 Nb2+ 62.Kb3 Nd3 63.Kc3 Nc5 64.Kc4 Na4 65.Kb4 Nb2  1/2-1/2

[Event "FIDE World Blitz 2013"]
[Site "Khanty-Mansiysk RUS"]
[Date "2013.06.10"]
[Round "21.14"]
[White "Frolyanov,D"]
[Black "Dreev,A"]
[Result "0-1"]
[WhiteElo "2570"]
[BlackElo "2668"]

1.e4 c6 2.d4 d5 3.e5 Bf5 4.Nf3 e6 5.Be2 Ne7 6.O-O Bg6 7.Nbd2 Nf5 8.Nb3 Nd7
9.Bd2 Be7 10.g4 Nh6 11.h3 Ng8 12.Kg2 h5 13.Rh1 Nh6 14.Nh2 c5 15.c3 Qb6 16.Bc1 Rc8
17.Nf1 cxd4 18.cxd4 Nb8 19.Ne3 Nc6 20.Bd3 Be4+ 21.Bxe4 dxe4 22.Qc2 a5 23.d5 a4
24.Nd2 exd5 25.Nxd5 Qd4 26.Qxe4 Bc5 27.Qxd4 Bxd4 28.Nf3 Rd8 29.Nf4 hxg4 30.hxg4 O-O
31.Nxd4 Nxd4 32.Rh4 Rfe8 33.Be3 Nc2 34.Rah1 Nxe3+ 35.fxe3 Rxe5 36.Kf3 Rde8
37.Ng2 f6 38.Rh5 Nf7 39.Rd1 Ng5+ 40.Kf2 Rb5 41.b3 axb3 42.axb3 Rxb3 43.Rdh1 Rb2+
44.Kg3 Ne4+ 45.Kf3 Ng5+ 46.Kg3 Kf7 47.Rc1 b5 48.Rc7+ Re7 49.Rc8 Ne4+ 50.Kf3 Nd2+
51.Kg3 Ne4+ 52.Kf3 Ng5+ 53.Kg3 Re8 54.Rc7+ Re7 55.Rc8 Re8 56.Rc7+ Kg8 57.Rb7 b4
58.Rh1 Ne4+ 59.Kf3 Nd2+ 60.Kg3 Nc4 61.Rc1 Nd6 62.Rd7 Ne4+ 63.Kf3 Ng5+ 64.Kg3 Ne4+
65.Kf3 Rd2 66.Rf1 Rxd7  0-1

[Event "FIDE World Blitz 2013"]
[Site "Khanty-Mansiysk RUS"]
[Date "2013.06.10"]
[Round "22.14"]
[White "Dreev,A"]
[Black "Frolyanov,D"]
[Result "1-0"]
[WhiteElo "2668"]
[BlackElo "2570"]

1.d4 d5 2.c4 e6 3.Nf3 Nf6 4.Nc3 dxc4 5.Qa4+ c6 6.Qxc4 b5 7.Qd3 a6 8.Bg5 c5
9.Rd1 Bb7 10.d5 Nbd7 11.dxe6 fxe6 12.g3 Qb6 13.Bh3 c4 14.Qe3 Qxe3 15.Bxe3 Bc5
16.Bf4 e5 17.Bg5 e4 18.Nd4 e3 19.f3 Ke7 20.Bxd7 Kxd7 21.Nb3+ Bd6 22.Nc5+ Kc6
23.Nxb7 Bb4 24.Bxe3 Kxb7 25.Kf2 Rhe8 26.Bd4 Rad8 27.e3 Bf8 28.Rd2 Nd5 29.Nxd5 Rxd5
30.Rhd1 Rdd8 31.Bxg7 Rxd2+ 32.Rxd2 Bb4 33.Rd5 Kc6 34.e4 a5 35.Bd4 a4 36.a3 Bf8
37.Ke2 Rb8 38.Bc3 b4 39.axb4 Bxb4 40.Kd2 a3 41.bxa3 Bxa3 42.Kc2 Re8 43.Rh5 Re7
44.f4 Rxe4 45.Re5 Rxe5 46.Bxe5 Bb4 47.Bc3 Bc5 48.Kd2 Bg1 49.Ke2 Kd5 50.Kf3 Bd4
51.Bxd4 Kxd4 52.Ke2 Kc3 53.f5 Kb2 54.f6 c3 55.f7 c2 56.f8=Q c1=Q 57.Qb4+ Ka2
58.Qd2+  1-0

[Event "FIDE World Blitz 2013"]
[Site "Khanty-Mansiysk RUS"]
[Date "2013.06.10"]
[Round "23.5"]
[White "Dreev,A"]
[Black "Rublevsky,S"]
[Result "1-0"]
[WhiteElo "2668"]
[BlackElo "2695"]

1.d4 d5 2.c4 c6 3.Nf3 Nf6 4.e3 Bf5 5.Nc3 e6 6.Nh4 Bg6 7.Nxg6 hxg6 8.Bd3 Nbd7
9.h3 Bd6 10.O-O Qe7 11.Qb3 Rb8 12.Qc2 g5 13.e4 dxe4 14.Nxe4 Nxe4 15.Bxe4 g4
16.Re1 gxh3 17.g3 O-O 18.Qe2 f5 19.Bc2 Rbe8 20.c5 Bc7 21.Bb3 g6 22.Bh6 h2+
23.Kh1 Nf6 24.Qxe6+ Qxe6 25.Bxe6+ Kh7 26.Bxf8 Rxf8 27.Kxh2 Ne4 28.Kg2 Kg7
29.Rad1 Kf6 30.Bc4 Rh8 31.b4 a5 32.a3 axb4 33.axb4 Ra8 34.d5 cxd5 35.Bxd5 Nc3
36.Rd3 Be5 37.Bxb7 Rb8 38.c6 Nb5 39.Rd7 Rh8 40.Rd5 Bc3 41.Rxb5  1-0

[Event "FIDE World Blitz 2013"]
[Site "Khanty-Mansiysk RUS"]
[Date "2013.06.10"]
[Round "24.5"]
[White "Rublevsky,S"]
[Black "Dreev,A"]
[Result "0-1"]
[WhiteElo "2695"]
[BlackElo "2668"]

1.e4 c6 2.d4 d5 3.e5 Bf5 4.Nf3 e6 5.Be2 Ne7 6.c3 h6 7.O-O Nd7 8.Na3 Bh7 9.Nc2 Ng6
10.g3 Be7 11.Ne3 O-O 12.Bd3 f6 13.exf6 Nxf6 14.Ng2 Ne4 15.Re1 e5 16.Bxe4 dxe4
17.Rxe4 Nf4 18.Rxf4 exf4 19.Nxf4 Bd6 20.Be3 Qf6 21.Nd2 Rae8 22.Nc4 Bb8 23.Qb3 Rf7
24.Rd1 g5 25.Ne5 gxf4 26.Nxf7 Qxf7 27.Qxf7+ Kxf7 28.gxf4 Be4 29.Kf1 Kg6 30.Ke2 Bd5
31.Kd3 Kf6 32.b3 Be4+ 33.Kd2 Rg8 34.c4 Kf5 35.Kc3 Bf3 36.Rd2 Ke6 37.d5+ cxd5
38.cxd5+ Kd7 39.f5 Be5+ 40.Bd4 Kd6 41.Bxe5+ Kxe5 42.d6 Rd8 43.f6 Bh5 44.f4+ Kxf6
45.Kc4 Bf3 46.Kc5 Rd7 47.a4 Ke6 48.a5 b6+ 49.axb6 axb6+ 50.Kxb6 Rxd6+ 51.Rxd6+ Kxd6
52.b4 Ke6 53.b5 Kf5 54.Kc5 Kxf4 55.Kd4 Bb7  0-1

[Event "FIDE World Blitz 2013"]
[Site "Khanty-Mansiysk RUS"]
[Date "2013.06.10"]
[Round "25.4"]
[White "Mamedov,Rau"]
[Black "Dreev,A"]
[Result "1/2-1/2"]
[WhiteElo "2637"]
[BlackElo "2668"]

1.e4 c6 2.Ne2 d5 3.e5 c5 4.c3 Nc6 5.d4 Bf5 6.dxc5 e6 7.b4 a5 8.Nd4 axb4 9.cxb4 Qc7
10.Bb5 Qxe5+ 11.Be3 Ne7 12.O-O Bxb1 13.Rxb1 g6 14.Nxc6 bxc6 15.Bd4 Qb8 16.Bxc6+ Nxc6
17.Bxh8 Qb5 18.Re1 d4 19.a4 Rxa4 20.Bxd4 Rxb4 21.Rxb4 Qxb4 22.Bf6 Bxc5 23.g3 Be7
24.Ba1 Bc5 25.Re2 Bd4 26.Bxd4 Qxd4 27.Qc1 Qd5 28.Rd2 Nd4 29.Qc8+ Ke7 30.Qc7+ Kf8
31.Qb8+ Kg7 32.Qb2 e5 33.Rd3 Nf3+ 34.Rxf3 Qxf3 35.Qxe5+  1/2-1/2

[Event "FIDE World Blitz 2013"]
[Site "Khanty-Mansiysk RUS"]
[Date "2013.06.10"]
[Round "26.4"]
[White "Dreev,A"]
[Black "Mamedov,Rau"]
[Result "1/2-1/2"]
[WhiteElo "2668"]
[BlackElo "2637"]

1.d4 d6 2.e4 Nf6 3.f3 g6 4.c4 Bg7 5.Nc3 O-O 6.Nge2 c5 7.Be3 cxd4 8.Nxd4 Nc6
9.Be2 Bd7 10.O-O Nxd4 11.Bxd4 a5 12.Rc1 Bc6 13.Nd5 Nd7 14.Bxg7 Kxg7 15.Qd4+ Kg8
16.b3 Nc5 17.f4 Bxd5 18.cxd5 Rc8 19.e5 Qb6 20.Rc4  1/2-1/2

[Event "FIDE World Blitz 2013"]
[Site "Khanty-Mansiysk RUS"]
[Date "2013.06.10"]
[Round "27.4"]
[White "Dreev,A"]
[Black "Ponomariov,R"]
[Result "0-1"]
[WhiteElo "2668"]
[BlackElo "2743"]

1.d4 Nf6 2.c4 e6 3.Nc3 Bb4 4.Qc2 b6 5.a3 Bxc3+ 6.Qxc3 Bb7 7.Nf3 d6 8.g3 O-O
9.Bg2 Nbd7 10.O-O Qe7 11.b3 e5 12.Bb2 Rfe8 13.dxe5 dxe5 14.b4 a5 15.Rfd1 Ne4
16.Qc2 axb4 17.axb4 Rxa1 18.Bxa1 Nef6 19.Nxe5 Nxe5 20.Bxb7 Qxb4 21.Bxe5 Rxe5
22.Rd8+ Re8 23.Rxe8+ Nxe8 24.Qe4 Kf8 25.Bd5 Nf6 26.Qe5 Qc5 27.Qf5 b5 28.Qc8+ Ke7
29.Qb7 bxc4 30.Bc6 Kd6 31.Ba4 c3 32.Qa6+ Ke7 33.Qd3 g6 34.Bb3 Nd7 35.Qe4+ Qe5
36.Qc4 f5 37.Ba4 Nb6 38.Qb4+ Qd6 39.Qxc3 Nxa4 40.Qg7+ Kd8 41.Qxh7 Nc5 42.h4 Ne4
43.h5 gxh5 44.Qxf5 Nf6 45.e4 Ke7 46.e5 Qd1+ 47.Kg2 Qd5+ 48.f3 Nd7 49.Qh7+ Qf7
50.Qe4 c5 51.Qh4+ Ke6 52.Qc4+ Ke7 53.Qh4+ Ke8 54.Qe4 Qe6 55.f4 c4 56.Qd4 Qc6+
57.Kf2 c3 58.Qd1 c2 59.Qc1 Qc3 60.Ke2 Nc5 61.e6 Qd3+  0-1

[Event "FIDE World Blitz 2013"]
[Site "Khanty-Mansiysk RUS"]
[Date "2013.06.10"]
[Round "28.4"]
[White "Ponomariov,R"]
[Black "Dreev,A"]
[Result "1/2-1/2"]
[WhiteElo "2743"]
[BlackElo "2668"]

1.c4 c6 2.Nf3 d5 3.g3 dxc4 4.Bg2 Nd7 5.O-O Ngf6 6.Na3 Nb6 7.Ne5 Qd4 8.Nexc4 Be6
9.Na5 Bd5 10.Nb3 Qg4 11.f3 Qb4 12.Nc2 Bxb3 13.Nxb4 Bxd1 14.Rxd1 e5 15.Nd3 Nfd7
16.b3 f6 17.Bb2 Nc5 18.Nf2 Ne6 19.e3 Be7 20.f4 exf4 21.gxf4 Rd8 22.Bh3 Kf7
23.Kf1 Nd5 24.Rac1 Rhe8 25.a3 a5 26.Ne4 Bf8 27.Bg2 g6 28.Nc3 Nxc3 29.Rxc3 f5
30.Rc2 Rd7 31.Bf3 Red8 32.Bc3 Ra8 33.b4 axb4 34.axb4 Nc7 35.Be2 Nd5 36.b5 cxb5
37.Bd4 b4 38.Bc4 Be7 39.Rb1 Ke6 40.Ke2 Rad8 41.Bb3 Bf6 42.Bxd5+ Rxd5 43.Bxf6 Kxf6
44.Rxb4 R8d7 45.Rb6+ Kg7 46.Rcb2 Kh6 47.d4 Re7 48.Rxb7 Re4 49.Kf3 Ra5 50.R2b3 Ra8
51.Rc7 Rae8 52.d5 R4e7 53.d6 Rxc7 54.dxc7 Rc8 55.Rc3 Kg7 56.e4 Kf6 57.Rc6+ Ke7
58.exf5 Kd7 59.Rf6 Kxc7 60.fxg6 hxg6 61.Rxg6 Kd7 62.h4 Ke7 63.Kg4 Kf7 64.h5 Rc1
65.Ra6 Kg7 66.Kg5 Rg1+ 67.Kf5 Rf1 68.Rg6+ Kh7 69.Ke5 Rh1 70.f5 Rxh5 71.Kf6 Rh1
72.Rg7+ Kh8 73.Ra7 Kg8 74.Ra8+ Kh7 75.Kf7 Rb1 76.Ra7 Rb8 77.f6 Kh6 78.Rd7 Ra8
79.Rc7 Rb8 80.Rd7 Ra8 81.Ke6 Ra6+ 82.Rd6 Ra7 83.Rd7 Ra6+ 84.Ke7 Ra8 85.Rd6 Kg6
86.Rc6 Ra7+ 87.Ke6  1/2-1/2

[Event "FIDE World Blitz 2013"]
[Site "Khanty-Mansiysk RUS"]
[Date "2013.06.10"]
[Round "29.8"]
[White "Andreikin,D"]
[Black "Dreev,A"]
[Result "1-0"]
[WhiteElo "2713"]
[BlackElo "2668"]

1.e4 c6 2.d4 d5 3.Nc3 dxe4 4.Nxe4 Bf5 5.Ng3 Bg6 6.Nf3 Nf6 7.h4 h6 8.h5 Bh7
9.Bd3 Bxd3 10.Qxd3 e6 11.Bd2 c5 12.O-O-O Nc6 13.Bc3 Qd5 14.Kb1 Be7 15.Qe2 O-O
16.dxc5 Qxc5 17.Bxf6 Bxf6 18.Ne4 Qe7 19.g4 Rfd8 20.c3 Rd5 21.Rxd5 exd5 22.Ng3 Qxe2
23.Nxe2 Re8 24.Ng3 d4 25.c4 Na5 26.b3 Nc6 27.Rd1 g6 28.a3 a5 29.Kc2 Be7 30.Nxd4 Bxa3
31.Nxc6 bxc6 32.Rd7 Bb4 33.Kd3 Re1 34.Ne4 Rd1+ 35.Ke3 Re1+ 36.Kf3 Rb1 37.Rd3 Kg7
38.Kf4 Be7 39.Rd7 Kf8 40.hxg6 fxg6 41.Ke5 Rxb3 42.Ke6 Bh4 43.Rh7 Rf3 44.Rxh6 Bxf2
45.Rxg6 Bd4 46.Ng5 Bg7 47.Nxf3  1-0

[Event "FIDE World Blitz 2013"]
[Site "Khanty-Mansiysk RUS"]
[Date "2013.06.10"]
[Round "30.8"]
[White "Dreev,A"]
[Black "Andreikin,D"]
[Result "1/2-1/2"]
[WhiteElo "2668"]
[BlackElo "2713"]

1.d4 e6 2.c4 Nf6 3.Nc3 Bb4 4.Qc2 O-O 5.a3 Bxc3+ 6.Qxc3 b6 7.Bg5 Bb7 8.e3 d6
9.Nf3 Nbd7 10.Nd2 c5 11.dxc5 dxc5 12.f3 Qe7 13.Bd3 Rad8 14.O-O Ne5 15.Bc2 Ng6
16.Rad1 h6 17.Bxf6 Qxf6 18.Qxf6 gxf6 19.Be4 Bc8 20.f4 f5 21.Bc2 Bb7 22.g3 Ne7
23.Nb1 Nc6 24.Nc3 Na5 25.b3 Bc6 26.Kf2 Kg7 27.h3 h5 28.Rxd8 Rxd8 29.Rd1 Rc8
30.h4 Be8 31.Rd2 Nc6 32.Bd1 Kg6 33.Nb5 Ne7 34.Nc3 Ng8 35.e4 fxe4 36.Nxe4 Bc6
37.Nd6 Rf8 38.b4 Nf6 39.Bc2+ Kg7 40.b5 Ba8 41.Ke3 Ng4+ 42.Ke2 Nf6 43.Ke3 Rg8
44.Ne4 Bxe4 45.Bxe4 Kf8 46.Rd8+ Ke7 47.Rxg8 Nxg8 48.Bf3 Nf6 49.Kd3 Kf8 50.Ke3 Kg7
51.Be2 Ng4+ 52.Bxg4 hxg4 53.Ke4 f6 54.a4 Kf7 55.Ke3 f5 56.Kd3 Kg6 57.Ke3 Kf6  1/2-1/2

[Event "FIDE World Cup 2013"]
[Site "Tromso NOR"]
[Date "2013.08.11"]
[Round "1.53"]
[White "Dreev,A"]
[Black "Azarov,S"]
[Result "1/2-1/2"]
[WhiteElo "2668"]
[BlackElo "2636"]

1.d4 Nf6 2.c4 e6 3.Nc3 Bb4 4.Qc2 O-O 5.Nf3 d6 6.Bd2 c5 7.a3 Bxc3 8.Bxc3 cxd4
9.Nxd4 e5 10.Nf3 Qe7 11.e3 h6 12.Be2 Be6 13.c5 dxc5 14.Nxe5 Nd5 15.Bf3 Nxc3
16.Qxc3 Na6 17.O-O Rac8 18.Nd3 c4 19.Nf4 Nc5 20.Rad1 b5 21.Qb4 a6 22.a4 Qe8
23.Rd6 Nd3 24.Nxd3 cxd3 25.axb5 Qxb5 26.Qd4 Qb8 27.Rd1 Rfd8 28.Qxd3 Rxd6
29.Qxd6 Qxd6 30.Rxd6 g5 31.h3 Rc1+ 32.Rd1 Rc5 33.b4 Rb5 34.Rd4 a5 35.bxa5 Rxa5
36.Kh2 Kg7 37.g4 Ra2 38.Kg3 Rb2 39.Be4 Re2 40.Rd6 Re1 41.Rb6 Rg1+ 42.Kh2 Rf1
43.Kg2 Rd1 44.Rb5 Rd2 45.Bf3 Ra2 46.h4 Kf6 47.h5 Ra4 48.Kg3 Ra1 49.Rb6 Kg7
50.Rb4 Rg1+ 51.Kh3 Rc1 52.Rd4 Rc5 53.Kg3 Ra5 54.Be2 Rc5 55.f4 gxf4+ 56.exf4 Rc3+
57.Bf3 Bc8 58.Rb4 Bd7 59.Rb6 Be6 60.Kf2 Rc2+ 61.Ke1 Rc3 62.Be2 Rb3 63.Rd6 Rb1+
64.Kf2 Rb2 65.Ke3 Rb3+ 66.Kd2 Rb2+ 67.Kd1 Rb7 68.Ke1 Rb1+ 69.Kf2 Rb2 70.Ke3 Rb3+
71.Kd2 Rb2+ 72.Kd1 Rb7 73.Rc6 Bd5 74.Rc5 Be6 75.Kd2 Rb2+ 76.Ke3 Rb3+ 77.Kf2 Rb2
78.f5 Bd7 79.Ke3 Kf6 80.Rd5 Ba4 81.Bc4 Rb4 82.Rc5 Bb3 83.Be2 Kg5 84.Rc8 Bd5
85.Rg8+ Kf6 86.Rd8 Ke5 87.Re8+ Kf6 88.Rd8 Ke5 89.Re8+ Kf6 90.Rd8 Be4  1/2-1/2

[Event "FIDE World Cup 2013"]
[Site "Tromso NOR"]
[Date "2013.08.12"]
[Round "2.53"]
[White "Azarov,S"]
[Black "Dreev,A"]
[Result "1/2-1/2"]
[WhiteElo "2636"]
[BlackElo "2668"]

1.e4 c6 2.d4 d5 3.f3 e6 4.Nc3 Bb4 5.a3 Bxc3+ 6.bxc3 dxe4 7.Qe2 c5 8.Qe3 f5
9.fxe4 Qh4+ 10.g3 cxd4 11.gxh4 dxe3 12.exf5 Ne7 13.Bxe3 Nxf5 14.Bf2 Bd7 15.Nh3 Nc6
16.O-O-O Ne5 17.Bg2 O-O-O 18.Rhe1 Ng4 19.Bxa7 Nxh4 20.Re4 Bc6 21.Rxd8+ Rxd8
22.Rxg4 Nxg2 23.Rxg7 Rd7 24.Rg8+ Rd8 25.Rxd8+ Kxd8 26.Ng5 Ke7 27.Nxh7 Kf7
28.Bd4 Kg6 29.Nf6 Kf5 30.Ng8 Kf4 31.Bf2 Kf3 32.Bd4 Kf4 33.Bf2 Kf3 34.Bd4  1/2-1/2

[Event "FIDE World Cup 2013"]
[Site "Tromso NOR"]
[Date "2013.08.14"]
[Round "2.1"]
[White "Wang Hao"]
[Black "Dreev,A"]
[Result "1/2-1/2"]
[WhiteElo "2747"]
[BlackElo "2668"]

1.d4 d5 2.c4 c6 3.Nf3 Nf6 4.Nc3 e6 5.Bg5 Nbd7 6.e3 Qa5 7.cxd5 Nxd5 8.Rc1 b6
9.Be2 Nxc3 10.bxc3 Ba3 11.Rc2 Ba6 12.O-O Bxe2 13.Qxe2 O-O 14.Rd1 Rfe8 15.e4 e5
16.Bh4 Be7 17.Bg3 Bf6 18.Nd2 b5 19.dxe5 Nxe5 20.f4 Qa4 21.Rcc1 Ng6 22.Qf3 Be7
23.e5 Ba3 24.Rb1 Rad8 25.Nb3 Bf8 26.Nd4 b4 27.cxb4 c5 28.Qb3 Qxb3 29.Nxb3 cxb4
30.Kf1 h5 31.h3 h4 32.Bh2 Ne7 33.Bg1 Nd5 34.Rd4 Nc3 35.Rb2 Ra8 36.Na5 f6
37.exf6 gxf6 38.Bf2 Bc5 39.Rd7 Rac8 40.Bxh4 Re4 41.g3 Bb6 42.Nb3 Re3 43.Kg2 Ne4
44.Nd2 Nc5 45.Rd5 Nd3 46.Rb3 Ne1+ 47.Kf1 Nc2 48.Rd7 Re1+ 49.Kg2 f5 50.g4 Re2+
51.Kf3 Rce8 52.gxf5 Nd4+ 53.Kg4 Nxb3 54.axb3 Rg2+ 55.Kf3 Rg7 56.Rd3 Rh7 57.Kg4 Re2
58.Nc4 Rg2+ 59.Kf3 Rg1 60.Bg3 Rxh3 61.Kg4 Rh6 62.Kg5 Rh3 63.Kg4 Rh6 64.Kg5 Rc6
65.Kh5 Rh1+ 66.Kg5 Rg1 67.Kh5 Bc7 68.Kg5 Bb6 69.Kh5  1/2-1/2

[Event "FIDE World Cup 2013"]
[Site "Tromso NOR"]
[Date "2013.08.16"]
[Round "2.3"]
[White "Dreev,A"]
[Black "Wang Hao"]
[Result "1-0"]
[WhiteElo "2668"]
[BlackElo "2747"]

1.d4 Nf6 2.c4 g6 3.Nc3 Bg7 4.e4 d6 5.f3 O-O 6.Nge2 c6 7.Be3 a6 8.c5 b5 9.cxd6 exd6
10.Nf4 b4 11.Nce2 Re8 12.Ng3 Nd5 13.Bc1 Qh4 14.Ne2 Nb6 15.Be3 a5 16.Rc1 h6
17.Nf4 Nd5 18.Nxd5 cxd5 19.Bb5 Bd7 20.Qa4 dxe4 21.f4 Qd8 22.f5 Bxb5 23.Qxb5 Nd7
24.fxg6 fxg6 25.Qd5+ Kh8 26.Qxd6 Nf6 27.Qxd8 Raxd8 28.Ke2 Nd5 29.Rhd1 a4
30.Rd2 a3 31.bxa3 bxa3 32.Rc6 Rb8 33.Rc5 Nxe3 34.Kxe3 h5 35.Ne2 Bh6+ 36.Nf4 Bxf4+
37.Kxf4 e3 38.Re2 Rb2 39.Kf3 Reb8 40.Rcc2 Rxc2 41.Rxc2 Rb2 42.Re2 Kg7 43.Kxe3 Kf6
44.Kd3 Rb1 45.d5 g5 46.Kc3 Rb8 47.d6 Rd8 48.Rd2 Rd7 49.Kb4 Ke6 50.Kc5 Ra7
51.d7 Rxd7 52.Rxd7 Kxd7 53.Kb4  1-0

[Event "FIDE World Cup 2013"]
[Site "Tromso NOR"]
[Date "2013.08.17"]
[Round "3.1"]
[White "Andreikin,D"]
[Black "Dreev,A"]
[Result "1/2-1/2"]
[WhiteElo "2716"]
[BlackElo "2668"]

1.c4 c6 2.Nf3 d5 3.d4 Nf6 4.Nc3 e6 5.Bg5 Nbd7 6.cxd5 exd5 7.e3 Be7 8.Qc2 Nh5
9.Bxe7 Qxe7 10.O-O-O Nb6 11.h3 Be6 12.Bd3 O-O-O 13.Kb1 Kb8 14.Na4 Nxa4 15.Qxa4 Nf6
16.Ka1 Ne4 17.Qc2 Bf5 18.Rhe1 Rhe8  1/2-1/2

[Event "FIDE World Cup 2013"]
[Site "Tromso NOR"]
[Date "2013.08.18"]
[Round "3.2"]
[White "Dreev,A"]
[Black "Andreikin,D"]
[Result "1/2-1/2"]
[WhiteElo "2668"]
[BlackElo "2716"]

1.d4 e6 2.c4 Nf6 3.Nc3 d5 4.Nf3 Nbd7 5.cxd5 exd5 6.Qc2 c6 7.Bg5 Be7 8.e3 Nh5
9.Bxe7 Qxe7 10.O-O-O Nb6 11.h3 Be6 12.Bd3 O-O-O 13.Kb1 Kb8 14.Rc1 Nf6 15.Rhe1 Rhe8
16.Ka1 g6 17.Nd2 Nfd7 18.Nb3 Qf6 19.f3 Rc8 20.Qf2 Ka8 21.Qg3 Qe7 22.a3 a6
23.Qf2 Qd6 24.Ne2 Na4 25.Nc3 Nxc3 26.Rxc3 c5 27.dxc5  1/2-1/2

[Event "FIDE World Cup 2013"]
[Site "Tromso NOR"]
[Date "2013.08.19"]
[Round "3.6"]
[White "Dreev,A"]
[Black "Andreikin,D"]
[Result "0-1"]
[WhiteElo "2668"]
[BlackElo "2716"]

1.d4 e6 2.c4 Nf6 3.Nf3 b6 4.Nc3 Bb7 5.a3 d5 6.cxd5 exd5 7.Qc2 Nbd7 8.Bf4 a6
9.e3 c5 10.Bd3 Be7 11.O-O O-O 12.a4 g6 13.Rfd1 Rc8 14.Ne5 Re8 15.h3 cxd4
16.exd4 Nh5 17.Bh2 Nxe5 18.dxe5 Bg5 19.Be2 Nf4 20.Bg4 Rc4 21.Qb3 Qc7 22.Bf3 d4
23.Bxb7 dxc3 24.Bxa6 Rc5 25.bxc3 Rxc3 26.Rd7 Qxd7 27.Qxc3 Qd5 28.Bf1 Rxe5
29.Qb2 Re6 30.Rb1 Qe4 31.Qb5 h6 32.h4 Bf6 33.Bg3 Bd4 34.Rb4 Qe1 35.Kh2 Re5
36.Qc4 Ne6 37.f4 Qe3 38.fxe5 Qg1+ 39.Kh3 h5 40.Qd3 Qh1+ 41.Bh2 Nf4+ 42.Kg3 Nxd3  0-1

[Event "FIDE World Cup 2013"]
[Site "Tromso NOR"]
[Date "2013.08.19"]
[Round "3.5"]
[White "Andreikin,D"]
[Black "Dreev,A"]
[Result "1-0"]
[WhiteElo "2716"]
[BlackElo "2668"]

1.d4 d5 2.Bg5 h6 3.Bh4 c6 4.e3 Qb6 5.Qc1 e5 6.Nf3 e4 7.Nfd2 Be7 8.Bg3 Nf6
9.c4 Be6 10.Nc3 O-O 11.Be2 Qd8 12.O-O Bd6 13.Bxd6 Qxd6 14.cxd5 Bxd5 15.Qc2 Re8
16.Rfc1 Nbd7 17.a4 a5 18.Nxd5 Qxd5 19.Rab1 Qd6 20.Nc4 Qb4 21.Qc3 Ra7 22.Qxb4 axb4
23.a5 Nd5 24.Bd1 Kf8 25.Bb3 Ke7 26.f3 N7f6 27.Re1 Kf8 28.Rbc1 Re7 29.Kf2 g6
30.Ra1 Ra8 31.Ne5 exf3 32.gxf3 c5 33.Nd3 cxd4 34.exd4 Rxe1 35.Kxe1 g5 36.Kd2 h5
37.Nc5 b6 38.Bxd5 Nxd5 39.Nd7+ Ke7 40.Nxb6 Nxb6 41.axb6 Rb8 42.Ra5 Rxb6 43.Rxg5 h4
44.Kd3 Rf6 45.Ke4 Rc6 46.Re5+ Kd7 47.Rd5+ Ke7 48.Rc5 Rg6 49.Rc7+ Ke8 50.Rc8+ Ke7
51.Rh8 Rg2 52.Rxh4 Rxb2 53.Rh8 b3 54.Rb8 Kd6 55.h4 Rh2 56.Rb6+ Kd7 57.Rxb3 Rxh4+
58.Ke5 Rh6 59.Rb7+ Ke8 60.d5 Rg6 61.f4 Rh6 62.f5 Ra6 63.Rb8+ Kd7 64.Rb7+ Ke8
65.d6 Rc6 66.Rb8+ Kd7 67.Rb7+ Ke8 68.Re7+ Kf8 69.Rc7  1-0

[Event "FIDE World Cup 2013"]
[Site "Tromso NOR"]
[Date "2013.08.19"]
[Round "3.3"]
[White "Andreikin,D"]
[Black "Dreev,A"]
[Result "0-1"]
[WhiteElo "2716"]
[BlackElo "2668"]

1.e4 c6 2.d4 d5 3.e5 Bf5 4.h4 h6 5.g4 Bd7 6.Nd2 c5 7.Nb3 cxd4 8.Nxd4 Nc6
9.e6 Bxe6 10.Nxe6 fxe6 11.Bd3 Nf6 12.Nf3 Qd6 13.Bg6+ Kd7 14.c3 Nxg4 15.Qa4 h5
16.Bg5 e5 17.Bxh5 Nf6 18.Bf7 e6 19.O-O-O Kc7 20.Rhe1 Qd7 21.Bg6 Bd6 22.c4 e4
23.cxd5 exd5 24.Nd4 Ne5 25.Qc2+ Kb8 26.Bf5 Nd3+ 27.Kb1 Nxe1 28.Qb3 Qc7 29.Rc1 Qb6
30.Qc3 a6 31.Be3 Bb4 32.Nb5 axb5 33.Qxb4 Nd3 34.Qc3 Qd8 35.Bf4+ Nxf4 36.Qe5+ Ka7
37.Rc7 Ne2  0-1

[Event "FIDE World Cup 2013"]
[Site "Tromso NOR"]
[Date "2013.08.19"]
[Round "3.4"]
[White "Dreev,A"]
[Black "Andreikin,D"]
[Result "0-1"]
[WhiteElo "2668"]
[BlackElo "2716"]

1.d4 e6 2.e4 b6 3.Nf3 Bb7 4.Bd3 d5 5.exd5 Qxd5 6.O-O Nf6 7.Nc3 Qd8 8.Bg5 Be7
9.Qe2 O-O 10.Rad1 a6 11.Rfe1 Nbd7 12.Ne5 h6 13.Bh4 Nxe5 14.dxe5 Nd5 15.Nxd5 exd5
16.Bg3 Bc8 17.Be4 c6 18.c4 Be6 19.f4 g6 20.Qc2 dxe4 21.Rxd8 Raxd8 22.Qxe4 Rd2
23.Bf2 Rxb2 24.Qxc6 Rc8 25.Qb7 Bf8 26.f5 gxf5 27.c5 Bxc5 28.Bxc5 Rxc5 29.Qxa6 Kh7
30.a3 Bc4 31.Qa4 Bd5 32.Qf4 Rxg2+ 33.Kf1 Rcc2  0-1

[Event "67th Moscow Blitz 2013"]
[Site "Moscow RUS"]
[Date "2013.09.01"]
[Round "1"]
[White "Dreev,A"]
[Black "Karjakin,Sergey"]
[Result "1/2-1/2"]
[WhiteElo "2668"]
[BlackElo "2772"]

1.d4 Nf6 2.c4 e6 3.Nc3 Bb4 4.Qc2 d5 5.cxd5 Qxd5 6.e3 c5 7.Bd2 Bxc3 8.Bxc3 cxd4
9.Bxd4 Nc6 10.Bxf6 gxf6 11.Ne2 Bd7 12.a3 Ne7 13.Rd1 Qe5 14.Qc3 Nc6 15.Qxe5 Nxe5
16.Nc3 Ke7 17.Be2 Rac8 18.f3 Nc4 19.Bxc4 Rxc4 20.Ke2 f5 21.Rd2 Rg8 22.Kf2 Bc6
23.Rhd1 a5 24.Rd4 Rxd4 25.Rxd4 Rd8 26.Rxd8 Kxd8 27.Ke2 Kc7 28.Kd3 b6 29.Kc4 Bb7
30.Kd4 Kd6 31.Nb5+ Ke7 32.Nc3 Bc6 33.Kc4 Kd6 34.Kd4 Bb7 35.Nb5+ Kc6 36.Nc3 Kd6
37.Nb5+ Kc6 38.Nc3  1/2-1/2

[Event "67th Moscow Blitz 2013"]
[Site "Moscow RUS"]
[Date "2013.09.01"]
[Round "3"]
[White "Dreev,A"]
[Black "Reshetnikov,Al"]
[Result "1-0"]
[WhiteElo "2668"]
[BlackElo "2497"]

1.d4 d5 2.c4 c6 3.Nf3 Nf6 4.e3 a6 5.Bd3 e6 6.Nbd2 Nbd7 7.b3 c5 8.O-O dxc4
9.bxc4 Be7 10.Bb2 O-O 11.Qc2 b6 12.Rfd1 Bb7 13.a4 Rc8 14.d5 exd5 15.cxd5 c4
16.Bf5 g6 17.d6 gxf5 18.dxe7 Qxe7 19.Qxf5 c3 20.Ba3 Nc5 21.Nc4 Be4 22.Qg5+ Kh8
23.Nxb6 Rc6 24.Nd4 Rg8 25.Nxc6 Qe6 26.Rd8 Ne8 27.Qe5+ Qxe5 28.Nxe5 Nb3 29.f3 Nxa1
30.fxe4 Nf6 31.Bf8  1-0

[Event "67th Moscow Blitz 2013"]
[Site "Moscow RUS"]
[Date "2013.09.01"]
[Round "4"]
[White "Grischuk,A"]
[Black "Dreev,A"]
[Result "1-0"]
[WhiteElo "2785"]
[BlackElo "2668"]

1.c4 c6 2.Nf3 d5 3.g3 Nf6 4.Bg2 dxc4 5.O-O Nbd7 6.Qc2 Nb6 7.a4 a5 8.Na3 g6
9.Nxc4 Nxc4 10.Qxc4 Bg7 11.e4  1-0

[Event "67th Moscow Blitz 2013"]
[Site "Moscow RUS"]
[Date "2013.09.01"]
[Round "5"]
[White "Dreev,A"]
[Black "Kovalenko,I"]
[Result "1-0"]
[WhiteElo "2668"]
[BlackElo "2644"]

1.d4 f5 2.c4 Nf6 3.Nc3 e6 4.e3 Bb4 5.Ne2 b6 6.a3 Be7 7.Nf4 O-O 8.Bd3 Bb7
9.O-O Qe8 10.f3 Nc6 11.d5 Nd8 12.Nb5 Bd6 13.Nxd6 cxd6 14.Bc2 Nf7 15.b3 b5
16.Re1 bxc4 17.bxc4 Rc8 18.Ba4 Qe7 19.Bxd7 Qxd7 20.dxe6 Qe7 21.exf7+ Qxf7
22.Bb2 Ne8 23.Qd4 Ba6 24.Rac1 Rxc4 25.Rxc4 Bxc4 26.Rc1 d5 27.Nd3 Bxd3 28.Qxd3 Nd6
29.Rc5 Nc4 30.Bc3 Nb6 31.Qd4 Rc8 32.Rxc8+ Nxc8 33.Qe5 h6 34.Bd4 Kh7 35.h3 Qd7
36.g4 fxg4 37.hxg4 a5 38.Kg2 a4 39.Kg3 Qf7 40.Bc5 Na7 41.Qf4 Qd7 42.Qf5+ Qxf5
43.gxf5 Nc6 44.Kf4 Kg8 45.e4 d4 46.e5 d3 47.Be3 Na5 48.Ke4 Nc4 49.Kxd3 Nxa3
50.Bc5 Nb5 51.Kc4 a3 52.Kxb5 a2 53.Bd4 h5 54.Kc6 h4 55.e6 h3 56.e7  1-0

[Event "67th Moscow Blitz 2013"]
[Site "Moscow RUS"]
[Date "2013.09.01"]
[Round "6"]
[White "Savchenko,B"]
[Black "Dreev,A"]
[Result "1-0"]
[WhiteElo "2602"]
[BlackElo "2668"]

1.e4 c6 2.Nc3 d5 3.d4 dxe4 4.Nxe4 Bf5 5.Ng3 Bg6 6.N3e2 Nd7 7.Nf4 e5 8.Nxg6 hxg6
9.dxe5 Nxe5 10.Qe2 Qe7 11.f4 Ng4 12.Nf3 Qxe2+ 13.Bxe2 Bc5 14.Bc4 N8f6 15.h3 Ne3
16.Bxe3 Bxe3 17.Ne5 Bxf4 18.Bxf7+ Ke7 19.Nxg6+ Kxf7 20.Nxf4 Rae8+ 21.Kf2 Ne4+
22.Kf3 Nd2+ 23.Kg4 Nc4 24.Rac1 Kf6 25.b3 g5 26.Nd3 Rh4+ 27.Kg3 Nd2 28.Rhe1 Rhe4
29.Kf2 g4 30.hxg4 Kg5 31.Rxe4 Nxe4+ 32.Ke3 Nf6+ 33.Kd4 Re2 34.b4 b6 35.a4 Re4+
36.Kc3 Rxg4 37.Re1 Ne4+ 38.Kb3 Nd2+ 39.Kb2 Rxg2 40.Re6 Nc4+ 41.Kb3 Nd2+ 42.Kc3 Kf5
43.Rxc6 Ne4+ 44.Kb3 Nd2+ 45.Kb2 Ke4 46.Rc7 Kd4 47.Rd7+ Ke4 48.Rxa7 Nc4+ 49.Kc3 Na3
50.Re7+ Kf5 51.Rb7 Nxc2 52.Rxb6 Ne3 53.Rb5+ Ke4 54.Re5+ Kf3 55.Ne1+  1-0

[Event "67th Moscow Blitz 2013"]
[Site "Moscow RUS"]
[Date "2013.09.01"]
[Round "7"]
[White "Dreev,A"]
[Black "Dubov,Danii"]
[Result "1-0"]
[WhiteElo "2668"]
[BlackElo "2624"]

1.d4 Nf6 2.c4 c5 3.d5 b5 4.Qc2 bxc4 5.e4 d6 6.Bxc4 g6 7.Nc3 Bg7 8.Nf3 O-O
9.O-O Bg4 10.Nd2 Bc8 11.b3 Nbd7 12.Bb2 Nb6 13.Rfe1 Ne8 14.Bf1 e5 15.dxe6 fxe6
16.Nb5 Bxb2 17.Qxb2 Bd7 18.Rad1 Qe7 19.Na3 Bc6 20.Nac4 Nxc4 21.Nxc4 Rd8 22.f3 Nc7
23.a4 e5 24.Ne3 Kg7 25.Bc4 Bd7 26.Rd2 Ne6 27.Bxe6 Bxe6 28.Qc3 Rd7 29.Red1 Rfd8
30.a5 Kg8 31.b4 Rc8 32.b5 Rb8 33.Nc4 Bxc4 34.Qxc4+ Kg7 35.Qxc5 Rbd8 36.Qb4 Rc7
37.Rxd6 Kh6 38.Qd2+  1-0